Salty seagull : (Record no. 8281)

MARC details
000 -LEADER
fixed length control field 00866nam a22002777a 4500
001 - CONTROL NUMBER
control field 8281
003 - CONTROL NUMBER IDENTIFIER
control field FISKH
005 - DATE AND TIME OF LATEST TRANSACTION
control field 20250909124606.0
008 - FIXED-LENGTH DATA ELEMENTS--GENERAL INFORMATION
fixed length control field 250908b cb ||||| |||| 00| 0 eng d
020 ## - INTERNATIONAL STANDARD BOOK NUMBER
International Standard Book Number 9781878405067
040 ## - CATALOGING SOURCE
Original cataloging agency FISKH
Language of cataloging eng
Transcribing agency FISKH
Modifying agency FISKH
050 ## - LIBRARY OF CONGRESS CALL NUMBER
Classification number PZ10.T1398 S
100 ## - MAIN ENTRY--PERSONAL NAME
Personal name Tate, Suzanne
245 ## - TITLE STATEMENT
Title Salty seagull :
Remainder of title A tale of an old salt /
Statement of responsibility, etc. By Suzanne Tate : Illustrated by James Melvin
260 ## - PUBLICATION, DISTRIBUTION, ETC.
Place of publication, distribution, etc. North Carolina :
Name of publisher, distributor, etc. Nags Head Art, Inc. ,
Date of publication, distribution, etc. 1992.
300 ## - PHYSICAL DESCRIPTION
Extent 28 unnumbered pages :
Other physical details color illustrations ;
Dimensions 19 x 24 cm.
490 ## - SERIES STATEMENT
Series statement Suzanne Tate's Nature Series
Volume/sequential designation 12
505 ## - FORMATTED CONTENTS NOTE
Formatted contents note J <br/>
521 8# - TARGET AUDIENCE NOTE
Target audience note 480 <br/>
Source Lexile <br/>
521 8# - TARGET AUDIENCE NOTE
Target audience note J <br/>
Source Raz-Plus <br/>
650 ## - SUBJECT ADDED ENTRY--TOPICAL TERM
Topical term or geographic name entry element Conservation
Form subdivision Picture Books
650 ## - SUBJECT ADDED ENTRY--TOPICAL TERM
Topical term or geographic name entry element Seagulls
Form subdivision Picture Books
700 ## - ADDED ENTRY--PERSONAL NAME
Personal name Melvin, James
Relator term Illustrated
942 ## - ADDED ENTRY ELEMENTS (KOHA)
Source of classification or shelving scheme Dewey Decimal Classification
Koha item type Books
Suppress in OPAC No
Holdings
Withdrawn status Lost status Source of classification or shelving scheme Damaged status Not for loan Collection Home library Current library Shelving location Date acquired Total Checkouts Full call number Barcode Date last seen Price effective from Koha item type
    Dewey Decimal Classification     Juvenile Fiction Footprints International School Library Network Toul Tom Poung Campus Footprints International School Library Network Toul Tom Poung Campus TTP Primary Dark Blue Bookshelves 09/08/2025   TAT PZ10.T1398 S FISBK072044 09/08/2025 09/08/2025 Books